|
|
|
|
| LEADER |
01587nam a2200409 4500 |
| 001 |
ocn762609070 |
| 003 |
OCoLC |
| 005 |
20180501121948.0 |
| 006 |
m o d |
| 007 |
cr mn||||||||| |
| 008 |
111124s1972 nyua ob 001 0 eng d |
| 040 |
|
|
|a INNDH
|b eng
|e pn
|c INNDH
|d COF
|d OCLCQ
|d KIJ
|d OCLCF
|d VVL
|d OCLCQ
|d TEF
|d BUF
|d GrThAP
|
| 019 |
|
|
|a 758870641
|a 926980425
|
| 020 |
|
|
|a 0121818918
|q (print)
|
| 020 |
|
|
|a 9780121818913
|q (print)
|
| 035 |
|
|
|a (OCoLC)762609070
|z (OCoLC)758870641
|z (OCoLC)926980425
|
| 050 |
|
4 |
|a QP601
|b .C733 v.28eb
|
| 080 |
|
|
|a 577.15
|
| 082 |
0 |
4 |
|a 574.1
|2 18
|
| 049 |
|
|
|a TEFA
|
| 245 |
0 |
0 |
|a Complex carbohydrates.
|p Part B /
|c edited by Victor Ginsburg.
|
| 260 |
|
|
|a New York :
|b Academic Press,
|c 1972.
|
| 300 |
|
|
|a 1 online resource (xxvii, 1057 pages) :
|b illustrations.
|
| 336 |
|
|
|a text
|b txt
|2 rdacontent
|
| 337 |
|
|
|a computer
|b c
|2 rdamedia
|
| 338 |
|
|
|a online resource
|b cr
|2 rdacarrier
|
| 490 |
1 |
|
|a Methods in enzymology ;
|v v. 28
|
| 500 |
|
|
|a Called Part B in continuation of volume issued as v. 8 of Methods in enzymology.
|
| 504 |
|
|
|a Includes bibliographical references and index.
|
| 588 |
0 |
|
|a Print version record.
|
| 650 |
|
0 |
|a Carbohydrates.
|
| 650 |
|
7 |
|a Carbohydrates.
|2 fast
|0 (OCoLC)fst00846754
|
| 655 |
|
4 |
|a Electronic books.
|
| 700 |
1 |
|
|a Ginsburg, Victor,
|d 1930-
|e editor.
|
| 776 |
0 |
8 |
|i Print version:
|t Complex carbohydrates.
|d New York : Academic Press, 1972
|w (OCoLC)5155255
|
| 830 |
|
0 |
|a Methods in enzymology ;
|v volume 28.
|
| 856 |
4 |
0 |
|u https://www.sciencedirect.com/science/bookseries/00766879/28
|z Full Text via HEAL-Link
|